[Event "Bundesliga 0102"]
[Site "Deutschland"]
[Date "2002.03.17"]
[Round "11.5"]
[White "Buhmann, Rainer"]
[Black "Handke, Florian"]
[Result "1/2-1/2"]
[WhiteElo "2498"]
[BlackElo "2384"]
[PlyCount "45"]
[EventDate "2001.10.06"]
[EventType "team"]
[EventRounds "15"]
[EventCountry "GER"]
[SourceTitle "Bundesliga 0102"]
[Source "DeepChess"]
[SourceDate "2005.01.01"]
[SourceVersion "1"]
[SourceVersionDate "2005.01.01"]
[SourceQuality "1"]
[WhiteTeam "Stuttgarter SF 1879"]
[BlackTeam "SV Wattenscheid 1930"]
[WhiteTeamCountry "GER"]
[BlackTeamCountry "GER"]

1. d4 Nf6 2. c4 e6 3. g3 c5 4. Nf3 cxd4 5. Nxd4 Nc6 6. Bg2 Bc5 7. Nb3 Bb4+ 8.
Bd2 Be7 9. O-O O-O 10. Bf4 d6 11. Nc3 h6 12. Rc1 e5 13. Be3 Be6 14. Nd5 Qd7 15.
Nxf6+ Bxf6 16. Qd2 Rfd8 17. Na5 Rab8 18. Rfd1 Qc7 19. b4 Nxa5 20. bxa5 b6 21.
axb6 axb6 22. Bd5 Qd7 23. Rb1 1/2-1/2

[Event "Bundesliga 0102"]
[Site "Deutschland"]
[Date "2002.03.17"]
[Round "11.6"]
[White "Ellers, Holger"]
[Black "Schmittdiel, Eckhard"]
[Result "0-1"]
[WhiteElo "2444"]
[BlackElo "2490"]
[PlyCount "52"]
[EventDate "2001.10.06"]
[EventType "team"]
[EventRounds "15"]
[EventCountry "GER"]
[SourceTitle "Bundesliga 0102"]
[Source "DeepChess"]
[SourceDate "2005.01.01"]
[SourceVersion "1"]
[SourceVersionDate "2005.01.01"]
[SourceQuality "1"]
[WhiteTeam "SV Wattenscheid 1930"]
[BlackTeam "Stuttgarter SF 1879"]
[WhiteTeamCountry "GER"]
[BlackTeamCountry "GER"]

1. d4 Nf6 2. Nf3 e6 3. c4 b6 4. g3 Ba6 5. Qa4 Bb7 6. Bg2 c5 7. dxc5 Bxc5 8. O-O
O-O 9. Nc3 Ne4 10. Qc2 Nxc3 11. Qxc3 Nc6 12. Bf4 Qe7 13. Rad1 f6 14. Qd2 e5 15.
Be3 d6 16. Nh4 Rad8 17. a3 a5 18. Qd3 Bxe3 19. Qxe3 Qc7 20. Bd5+ Kh8 21. Ng6+
hxg6 22. g4 Rf7 23. Bxf7 Qxf7 24. Qxb6 Rd7 25. c5 dxc5 26. Qxc5 Nd4 0-1

[Event "Bundesliga 0102"]
[Site "Deutschland"]
[Date "2002.03.17"]
[Round "11.7"]
[White "Duppel, Matthias"]
[Black "Straeter, Timo"]
[Result "0-1"]
[WhiteElo "2455"]
[BlackElo "2310"]
[PlyCount "120"]
[EventDate "2001.10.06"]
[EventType "team"]
[EventRounds "15"]
[EventCountry "GER"]
[SourceTitle "Bundesliga 0102"]
[Source "DeepChess"]
[SourceDate "2005.01.01"]
[SourceVersion "1"]
[SourceVersionDate "2005.01.01"]
[SourceQuality "1"]
[WhiteTeam "Stuttgarter SF 1879"]
[BlackTeam "SV Wattenscheid 1930"]
[WhiteTeamCountry "GER"]
[BlackTeamCountry "GER"]

1. d4 f5 2. g3 Nf6 3. Bg2 e6 4. c4 c6 5. Qc2 d6 6. Nf3 e5 7. dxe5 dxe5 8. O-O
Qc7 9. Nc3 e4 10. Nd4 Qf7 11. b3 Bc5 12. Rd1 O-O 13. f3 Na6 14. Be3 Re8 15. Bf2
Nb4 16. Qd2 a5 17. a3 Na6 18. Na4 Ba7 19. Qxa5 f4 20. Qg5 fxg3 21. hxg3 h6 22.
Qh4 Bd7 23. Nc3 Nc5 24. b4 Qxc4 25. Rac1 Nb3 26. Nxb3 Bxf2+ 27. Kxf2 Qxb3 28.
Nxe4 Nxe4+ 29. fxe4 Rxa3 30. Rd3 Rf8+ 31. Bf3 Qxb4 32. Rcd1 Rxd3 33. Rxd3 Be6
34. Kg2 Qc5 35. Rd8 b5 36. Rxf8+ Qxf8 37. e5 c5 38. Qe4 Qc8 39. Qg6 Kf8 40. Be4
Qd7 41. Bf3 c4 42. Qb1 Kg8 43. Qb4 g5 44. Qc5 g4 45. Be4 Bf7 46. Kf2 b4 47. Qd6
Qxd6 48. exd6 Kf8 49. Ke3 Ke8 50. Bf5 h5 51. Kd2 Kd8 52. e4 c3+ 53. Kd3 h4 54.
gxh4 g3 55. Bh3 Bg6 56. Bg2 Kd7 57. h5 Bh7 58. h6 Kxd6 59. Bf3 Ke5 60. Bg2 Kf4
0-1

[Event "Bundesliga 0102"]
[Site "Deutschland"]
[Date "2002.03.17"]
[Round "11.8"]
[White "Thiel, Thomas"]
[Black "Zeller, Frank"]
[Result "0-1"]
[WhiteElo "2314"]
[BlackElo "2442"]
[PlyCount "46"]
[EventDate "2001.10.06"]
[EventType "team"]
[EventRounds "15"]
[EventCountry "GER"]
[SourceTitle "Bundesliga 0102"]
[Source "DeepChess"]
[SourceDate "2005.01.01"]
[SourceVersion "1"]
[SourceVersionDate "2005.01.01"]
[SourceQuality "1"]
[WhiteTeam "SV Wattenscheid 1930"]
[BlackTeam "Stuttgarter SF 1879"]
[WhiteTeamCountry "GER"]
[BlackTeamCountry "GER"]

1. e4 c5 2. Nf3 e6 3. Nc3 a6 4. g3 b6 5. Bg2 Bb7 6. d4 cxd4 7. Nxd4 d6 8. O-O
Nd7 9. Re1 Be7 10. b3 Qc7 11. Bb2 Ngf6 12. h3 O-O 13. g4 h6 14. f4 Rfe8 15. h4
g6 16. h5 e5 17. hxg6 exd4 18. gxf7+ Kxf7 19. Ne2 Rg8 20. Nxd4 Rxg4 21. Nf5
Qc5+ 22. Kh1 Qxf5 23. exf5 Rxg2 0-1

[Event "Bundesliga 0102"]
[Site "Deutschland"]
[Date "2002.04.13"]
[Round "12.1"]
[White "Van Mil, Johannes A J"]
[Black "Luther, Thomas"]
[Result "1/2-1/2"]
[WhiteElo "2416"]
[BlackElo "2604"]
[PlyCount "74"]
[EventDate "2001.10.06"]
[EventType "team"]
[EventRounds "15"]
[EventCountry "GER"]
[SourceTitle "Bundesliga 0102"]
[Source "DeepChess"]
[SourceDate "2005.01.01"]
[SourceVersion "1"]
[SourceVersionDate "2005.01.01"]
[SourceQuality "1"]
[WhiteTeam "SGEM Heiligenhaus 1937 e. V."]
[BlackTeam "Erfurter SK"]
[WhiteTeamCountry "GER"]
[BlackTeamCountry "GER"]

1. e4 Nf6 2. e5 Nd5 3. g3 d6 4. exd6 exd6 5. Bg2 Nf6 6. d4 d5 7. Nf3 Bd6 8. O-O
O-O 9. Nbd2 c6 10. b3 Re8 11. Bb2 Bf5 12. h3 h6 13. Ne5 Nbd7 14. Re1 Qc7 15. f4
Bh7 16. Rc1 Rad8 17. a3 Ne4 18. c4 Nxd2 19. cxd5 Nb1 20. b4 Nb8 21. dxc6 bxc6
22. Kh2 a5 23. Nxc6 Nxc6 24. Bxc6 Rxe1 25. Qxe1 axb4 26. axb4 Qb8 27. b5 Na3
28. Qe2 Qb6 29. Rc3 Nc2 30. Rxc2 Bxc2 31. Qxc2 Be7 32. d5 Rc8 33. Qe2 Qc5 34.
Be5 Bf6 35. Bxf6 gxf6 36. Qg4+ Kh7 37. Qxc8 Qf2+ 1/2-1/2

[Event "Bundesliga 0102"]
[Site "Deutschland"]
[Date "2002.04.13"]
[Round "12.4"]
[White "Mueller, Matthias"]
[Black "Schmitz, Andreas Arnold"]
[Result "1/2-1/2"]
[WhiteElo "2402"]
[BlackElo "2185"]
[PlyCount "56"]
[EventDate "2001.10.06"]
[EventType "team"]
[EventRounds "15"]
[EventCountry "GER"]
[SourceTitle "Bundesliga 0102"]
[Source "DeepChess"]
[SourceDate "2005.01.01"]
[SourceVersion "1"]
[SourceVersionDate "2005.01.01"]
[SourceQuality "1"]
[WhiteTeam "Erfurter SK"]
[BlackTeam "SGEM Heiligenhaus 1937 e. V."]
[WhiteTeamCountry "GER"]
[BlackTeamCountry "GER"]

1. e4 e6 2. d4 d5 3. Nc3 Bb4 4. e5 c5 5. a3 Bxc3+ 6. bxc3 Qc7 7. Nf3 Bd7 8. a4
Nc6 9. Bd3 cxd4 10. cxd4 Nxd4 11. O-O Nxf3+ 12. Qxf3 Qxe5 13. Bf4 Qf6 14. Qg3
h5 15. h4 Nh6 16. Bg5 Qc3 17. Rfe1 Qc5 18. Be3 d4 19. Bc1 O-O-O 20. Ba3 Qc3 21.
Be7 Nf5 22. Bxf5 Qxg3 23. fxg3 Rde8 24. Bc5 exf5 25. Bxd4 Rxe1+ 26. Rxe1 Re8
27. Rxe8+ Bxe8 28. a5 g6 1/2-1/2

[Event "Bundesliga 0102"]
[Site "Deutschland"]
[Date "2002.04.13"]
[Round "12.5"]
[White "Lindner, Arnd"]
[Black "Votava, Jan"]
[Result "0-1"]
[WhiteElo "2120"]
[BlackElo "2509"]
[PlyCount "56"]
[EventDate "2001.10.06"]
[EventType "team"]
[EventRounds "15"]
[EventCountry "GER"]
[SourceTitle "Bundesliga 0102"]
[Source "DeepChess"]
[SourceDate "2005.01.01"]
[SourceVersion "1"]
[SourceVersionDate "2005.01.01"]
[SourceQuality "1"]
[WhiteTeam "SGEM Heiligenhaus 1937 e. V."]
[BlackTeam "Erfurter SK"]
[WhiteTeamCountry "GER"]
[BlackTeamCountry "GER"]

1. c4 e6 2. Nc3 d5 3. d4 Be7 4. Nf3 Nf6 5. Bg5 Nbd7 6. e3 h6 7. Bh4 O-O 8. Be2
b6 9. cxd5 exd5 10. O-O Bb7 11. Rc1 Re8 12. a3 a5 13. h3 c6 14. Bg3 Ba6 15. Ne5
Bxe2 16. Nxe2 Nxe5 17. dxe5 Ne4 18. Rxc6 Bc5 19. b4 axb4 20. axb4 Bxb4 21. Rc2
Nxg3 22. Nxg3 Bc5 23. Qd2 Rxe5 24. Rd1 Qh4 25. Ne2 Rg5 26. Nf4 d4 27. Rc4 dxe3
28. fxe3 Re8 0-1

[Event "Bundesliga 0102"]
[Site "Deutschland"]
[Date "2002.04.13"]
[Round "12.6"]
[White "Casper, Thomas"]
[Black "Heller, Achim"]
[Result "1-0"]
[WhiteElo "2409"]
[BlackElo "2027"]
[PlyCount "89"]
[EventDate "2001.10.06"]
[EventType "team"]
[EventRounds "15"]
[EventCountry "GER"]
[SourceTitle "Bundesliga 0102"]
[Source "DeepChess"]
[SourceDate "2005.01.01"]
[SourceVersion "1"]
[SourceVersionDate "2005.01.01"]
[SourceQuality "1"]
[WhiteTeam "Erfurter SK"]
[BlackTeam "SGEM Heiligenhaus 1937 e. V."]
[WhiteTeamCountry "GER"]
[BlackTeamCountry "GER"]

1. e4 c6 2. d4 d5 3. Nc3 g6 4. h3 dxe4 5. Nxe4 Nd7 6. Nf3 Ngf6 7. Nxf6+ Nxf6 8.
Bc4 Bg7 9. O-O O-O 10. Re1 Nd5 11. c3 a5 12. a4 b6 13. Qe2 Ra7 14. Ne5 Qd6 15.
Qf3 Be6 16. b3 Qc7 17. Ba3 Qc8 18. Rad1 Rd8 19. Bf1 Bf5 20. c4 Nb4 21. Bxb4
Bxe5 22. Bxe7 Rxe7 23. Rxe5 Rxe5 24. dxe5 Bc2 25. Rd6 c5 26. Qc3 Rxd6 27. exd6
Bf5 28. Qf6 Qd7 29. h4 h5 30. g3 Kh7 31. Bg2 Kg8 32. Bd5 Qe8 33. Kg2 Qd7 34. f3
Qe8 35. Kf2 Bd3 36. Qe7 Qf8 37. Qf6 Qe8 38. Qe7 Qf8 39. Bc6 Bf5 40. Qf6 Qc8 41.
Bb5 Be6 42. Ke3 Bf5 43. Kf4 Be6 44. Qe7 Bh3 45. d7 1-0

[Event "Bundesliga 0102"]
[Site "Deutschland"]
[Date "2002.04.13"]
[Round "12.7"]
[White "Perschke, Ulrich"]
[Black "Paehtz, Elisabeth"]
[Result "0-1"]
[WhiteElo "2216"]
[BlackElo "2390"]
[PlyCount "110"]
[EventDate "2001.10.06"]
[EventType "team"]
[EventRounds "15"]
[EventCountry "GER"]
[SourceTitle "Bundesliga 0102"]
[Source "DeepChess"]
[SourceDate "2005.01.01"]
[SourceVersion "1"]
[SourceVersionDate "2005.01.01"]
[SourceQuality "1"]
[WhiteTeam "SGEM Heiligenhaus 1937 e. V."]
[BlackTeam "Erfurter SK"]
[WhiteTeamCountry "GER"]
[BlackTeamCountry "GER"]

1. g3 Nf6 2. c4 g6 3. Bg2 Bg7 4. Nc3 d6 5. d4 O-O 6. Nf3 Nc6 7. O-O a6 8. d5
Na5 9. b3 c5 10. Bb2 Rb8 11. Qc2 Bf5 12. Qc1 b5 13. Nd2 bxc4 14. e4 Bd7 15.
bxc4 Ng4 16. Nd1 Ne5 17. Bc3 Bh6 18. Bxe5 dxe5 19. Ne3 Bxe3 20. fxe3 Qc7 21.
Qc3 Nb7 22. Rf2 f6 23. h3 Qa5 24. Qd3 Nd6 25. g4 g5 26. Bf3 h5 27. gxh5 Bxh3
28. Bd1 Bd7 29. Bb3 Kg7 30. Raf1 Bh3 31. Rc1 Rh8 32. Bd1 Qxa2 33. Nb3 Qa3 34.
Ra1 Qb4 35. Kh2 g4 36. Nd2 Rxh5 37. Kg3 Qb6 38. Qa3 Qc7 39. Be2 f5 40. exf5
Rxf5 41. e4 Rf4 42. Qc3 Rxe4 43. Kh2 Rf8 44. Qg3 Nf5 45. Qxh3 g3+ 46. Kg2 Rh4
47. Rxf5 Rxh3 48. Rg5+ Kh6 49. Ne4 Rh4 50. Rxg3 Qc8 51. Ng5 Rf6 52. Bd3 Rg4 53.
Ne4 Rxg3+ 54. Nxg3 Qg4 55. Be2 Rf2+ 0-1

[Event "Bundesliga 0102"]
[Site "Deutschland"]
[Date "2002.04.13"]
[Round "12.8"]
[White "Brueggemann, Joachim"]
[Black "Van Beers, Eddy"]
[Result "1-0"]
[WhiteElo "2358"]
[BlackElo "2323"]
[PlyCount "63"]
[EventDate "2001.10.06"]
[EventType "team"]
[EventRounds "15"]
[EventCountry "GER"]
[SourceTitle "Bundesliga 0102"]
[Source "DeepChess"]
[SourceDate "2005.01.01"]
[SourceVersion "1"]
[SourceVersionDate "2005.01.01"]
[SourceQuality "1"]
[WhiteTeam "Erfurter SK"]
[BlackTeam "SGEM Heiligenhaus 1937 e. V."]
[WhiteTeamCountry "GER"]
[BlackTeamCountry "GER"]

1. e4 c5 2. Nf3 d6 3. d4 cxd4 4. Nxd4 Nf6 5. Nc3 a6 6. Bg5 e6 7. f4 Qb6 8. Nb3
Nbd7 9. Qe2 Qc7 10. g4 b5 11. Bg2 Bb7 12. a3 Be7 13. O-O-O O-O-O 14. Bh4 Nb6
15. Na5 Ba8 16. Bf2 d5 17. e5 Nfd7 18. Nxb5 axb5 19. Qxb5 Kb8 20. Kb1 Rc8 21.
c4 Bc5 22. cxd5 Bxf2 23. Nc6+ Bxc6 24. dxc6 Rhd8 25. Rhf1 Be3 26. Rd3 Bc5 27.
cxd7 Rxd7 28. Rc3 Rd2 29. Bf3 Qe7 30. Rfc1 Qd7 31. Rxc5 Qxb5 32. Rxb5 1-0

[Event "Bundesliga 0102"]
[Site "Deutschland"]
[Date "2002.04.13"]
[Round "12.1"]
[White "Pajeken, Wolfgang"]
[Black "Dautov, Rustem"]
[Result "0-1"]
[WhiteElo "2339"]
[BlackElo "2630"]
[PlyCount "86"]
[EventDate "2001.10.06"]
[EventType "team"]
[EventRounds "15"]
[EventCountry "GER"]
[SourceTitle "Bundesliga 0102"]
[Source "DeepChess"]
[SourceDate "2005.01.01"]
[SourceVersion "1"]
[SourceVersionDate "2005.01.01"]
[SourceQuality "1"]
[WhiteTeam "SC Koenigsspringer 1984 Hamburg"]
[BlackTeam "Godesberger SK 1929"]
[WhiteTeamCountry "GER"]
[BlackTeamCountry "GER"]

1. d4 Nf6 2. c4 e6 3. Nc3 Bb4 4. Nf3 c5 5. g3 O-O 6. Bg2 cxd4 7. Nxd4 d5 8.
cxd5 Nxd5 9. Qb3 Nc6 10. Nxc6 bxc6 11. O-O Rb8 12. Na4 Ba6 13. Qc2 Be7 14. a3
Bb5 15. Nc5 Qd6 16. b4 a5 17. Ne4 Qd8 18. bxa5 Qxa5 19. Bd2 Qa6 20. Rfc1 Rfc8
21. e3 c5 22. Nc3 Nxc3 23. Bxc3 Bd3 24. Qd1 c4 25. Qg4 f6 26. a4 Rb3 27. h4 Bf5
28. Qe2 Bd3 29. Qg4 Bf5 30. Qe2 Ba3 31. e4 Bxc1 32. exf5 Rxc3 33. fxe6 Re8 34.
Qd1 Kf8 35. Qd4 Bb2 36. Qc5+ Re7 37. Rb1 Rc1+ 38. Rxc1 Bxc1 39. Bd5 Qxa4 40.
Be4 Ba3 41. Qc8+ Qe8 42. Qa6 Bc5 43. h5 Qb8 0-1

[Event "Bundesliga 0102"]
[Site "Deutschland"]
[Date "2002.04.13"]
[Round "12.2"]
[White "Kengis, Edvins"]
[Black "Hochgraefe, Markus"]
[Result "1-0"]
[WhiteElo "2572"]
[BlackElo "2334"]
[PlyCount "103"]
[EventDate "2001.10.06"]
[EventType "team"]
[EventRounds "15"]
[EventCountry "GER"]
[SourceTitle "Bundesliga 0102"]
[Source "DeepChess"]
[SourceDate "2005.01.01"]
[SourceVersion "1"]
[SourceVersionDate "2005.01.01"]
[SourceQuality "1"]
[WhiteTeam "Godesberger SK 1929"]
[BlackTeam "SC Koenigsspringer 1984 Hamburg"]
[WhiteTeamCountry "GER"]
[BlackTeamCountry "GER"]

1. Nf3 d5 2. g3 Nf6 3. Bg2 c6 4. O-O Bg4 5. d4 e6 6. Nbd2 Be7 7. Re1 Nbd7 8. e4
dxe4 9. Nxe4 O-O 10. c3 Nxe4 11. Rxe4 Nf6 12. Re1 Qc7 13. Qb3 Rad8 14. Bf4 Bd6
15. Ne5 Bh5 16. Bg5 Be7 17. a4 Nd5 18. Bxe7 Nxe7 19. a5 Rb8 20. Qc4 Rfc8 21. b4
Nd5 22. Qb3 Qd6 23. Rab1 Rc7 24. Rb2 Bg6 25. c4 Ne7 26. Rd2 Qd8 27. h4 h6 28.
Qf3 Qf8 29. h5 Bf5 30. g4 Bh7 31. Qf4 Rbc8 32. Re3 b6 33. axb6 axb6 34. Ra2 b5
35. c5 Nd5 36. Bxd5 exd5 37. Kh2 f6 38. Ng6 Bxg6 39. hxg6 Re7 40. Rae2 Rce8 41.
Kh3 Rxe3+ 42. Rxe3 Rxe3+ 43. Qxe3 Qc8 44. Qe7 h5 45. f3 Kh8 46. Kg3 hxg4 47. f4
Kg8 48. f5 Qb8+ 49. Kxg4 Qc8 50. Qf7+ Kh8 51. Qe6 Qa8 52. Qe1 1-0

[Event "Bundesliga 0102"]
[Site "Deutschland"]
[Date "2002.04.13"]
[Round "12.3"]
[White "Buhr, Carl Christian"]
[Black "Kveinys, Aloyzas"]
[Result "1-0"]
[WhiteElo "2394"]
[BlackElo "2535"]
[PlyCount "81"]
[EventDate "2001.10.06"]
[EventType "team"]
[EventRounds "15"]
[EventCountry "GER"]
[SourceTitle "Bundesliga 0102"]
[Source "DeepChess"]
[SourceDate "2005.01.01"]
[SourceVersion "1"]
[SourceVersionDate "2005.01.01"]
[SourceQuality "1"]
[WhiteTeam "SC Koenigsspringer 1984 Hamburg"]
[BlackTeam "Godesberger SK 1929"]
[WhiteTeamCountry "GER"]
[BlackTeamCountry "GER"]

1. d4 Nf6 2. Nf3 b6 3. g3 e6 4. Bg2 Bb7 5. c4 Be7 6. Nc3 O-O 7. d5 Bb4 8. Bd2
Bxc3 9. Bxc3 exd5 10. Nh4 Ne4 11. cxd5 Nxc3 12. bxc3 Qf6 13. Qd2 Na6 14. O-O
Nc5 15. e4 Ba6 16. Rfd1 Bd3 17. f3 c6 18. Qe3 cxd5 19. e5 Qe6 20. Rxd3 Nxd3 21.
Qxd3 Qxe5 22. f4 Qf6 23. Bxd5 Rac8 24. Rc1 Rc5 25. Nf3 h6 26. c4 b5 27. Ne5
bxc4 28. Rxc4 Qb6 29. Rxc5 Qxc5+ 30. Kg2 Qc7 31. Qf5 d6 32. Nd7 Qc8 33. Bxf7+
Kh8 34. Kh3 Rd8 35. Be6 Qc3 36. Qg6 Qc7 37. f5 Qc1 38. f6 Qf1+ 39. Kh4 Rxd7 40.
Qe8+ Kh7 41. Bg8+ 1-0

[Event "Bundesliga 0102"]
[Site "Deutschland"]
[Date "2002.04.13"]
[Round "12.4"]
[White "Langheinrich, Ferenc"]
[Black "Voigt, Martin"]
[Result "0-1"]
[WhiteElo "2398"]
[BlackElo "2300"]
[PlyCount "86"]
[EventDate "2001.10.06"]
[EventType "team"]
[EventRounds "15"]
[EventCountry "GER"]
[SourceTitle "Bundesliga 0102"]
[Source "DeepChess"]
[SourceDate "2005.01.01"]
[SourceVersion "1"]
[SourceVersionDate "2005.01.01"]
[SourceQuality "1"]
[WhiteTeam "Godesberger SK 1929"]
[BlackTeam "SC Koenigsspringer 1984 Hamburg"]
[WhiteTeamCountry "GER"]
[BlackTeamCountry "GER"]

1. e4 e6 2. d4 d5 3. Nc3 Bb4 4. e5 Qd7 5. Qg4 f5 6. Qh5+ Qf7 7. Qd1 b6 8. Nh3
Bb7 9. Be2 Nc6 10. Qd2 O-O-O 11. a3 Bf8 12. b4 Nge7 13. Ng5 Qg8 14. h4 h6 15.
Nf3 g5 16. hxg5 hxg5 17. Rxh8 Qxh8 18. Qxg5 Bg7 19. Be3 Rg8 20. Qh4 Qxh4 21.
Nxh4 f4 22. Bxf4 Nxd4 23. Bd3 Rh8 24. g3 Nec6 25. O-O-O Bxe5 26. Bxe5 Nxe5 27.
f4 Ng4 28. Re1 Kd7 29. Ne2 Nxe2+ 30. Rxe2 c5 31. bxc5 bxc5 32. Ng6 Rh1+ 33. Kb2
c4 34. Nf8+ Ke7 35. Bf5 Nh6 36. Nxe6 Nxf5 37. Nc5+ Kf6 38. Nxb7 Nxg3 39. Re8
Ne4 40. Na5 c3+ 41. Ka2 Rc1 42. Nc4 Rxc2+ 43. Kb3 Re2 0-1

[Event "Bundesliga 0102"]
[Site "Deutschland"]
[Date "2002.04.13"]
[Round "12.5"]
[White "Von Buelow, Georg"]
[Black "Breder, Dennis"]
[Result "1/2-1/2"]
[WhiteElo "2298"]
[BlackElo "2411"]
[PlyCount "36"]
[EventDate "2001.10.06"]
[EventType "team"]
[EventRounds "15"]
[EventCountry "GER"]
[SourceTitle "Bundesliga 0102"]
[Source "DeepChess"]
[SourceDate "2005.01.01"]
[SourceVersion "1"]
[SourceVersionDate "2005.01.01"]
[SourceQuality "1"]
[WhiteTeam "SC Koenigsspringer 1984 Hamburg"]
[BlackTeam "Godesberger SK 1929"]
[WhiteTeamCountry "GER"]
[BlackTeamCountry "GER"]

1. e4 c5 2. Nf3 d6 3. d4 Nf6 4. Nc3 cxd4 5. Nxd4 Nc6 6. Bg5 e6 7. Qd2 Be7 8.
O-O-O Nxd4 9. Qxd4 O-O 10. e5 dxe5 11. Qxe5 Bd7 12. h4 Rc8 13. Rh3 Qc7 14. Qxc7
Rxc7 15. Nb5 Bxb5 16. Bxb5 h6 17. Bxf6 Bxf6 18. g3 a6 1/2-1/2

[Event "Bundesliga 0102"]
[Site "Deutschland"]
[Date "2002.04.13"]
[Round "12.6"]
[White "Jackelen, Thomas"]
[Black "Wendt, Jan Dietrich"]
[Result "1-0"]
[WhiteElo "2392"]
[BlackElo "2285"]
[PlyCount "71"]
[EventDate "2001.10.06"]
[EventType "team"]
[EventRounds "15"]
[EventCountry "GER"]
[SourceTitle "Bundesliga 0102"]
[Source "DeepChess"]
[SourceDate "2005.01.01"]
[SourceVersion "1"]
[SourceVersionDate "2005.01.01"]
[SourceQuality "1"]
[WhiteTeam "Godesberger SK 1929"]
[BlackTeam "SC Koenigsspringer 1984 Hamburg"]
[WhiteTeamCountry "GER"]
[BlackTeamCountry "GER"]

1. Nf3 Nf6 2. c4 c5 3. Nc3 d5 4. cxd5 Nxd5 5. e4 Nb4 6. Bb5+ N8c6 7. d4 cxd4 8.
a3 dxc3 9. Qxd8+ Kxd8 10. axb4 cxb2 11. Bxb2 e6 12. O-O f6 13. e5 Be7 14. Bxc6
bxc6 15. exf6 gxf6 16. Nd4 Bd7 17. Rfc1 Bxb4 18. Nxc6+ Bxc6 19. Rxc6 Kd7 20.
Rca6 Rhc8 21. Bxf6 Bc5 22. Rd1+ Ke8 23. Rxe6+ Kf7 24. Ra6 Bb6 25. Bg5 Rc2 26.
Be3 Rb8 27. Bxb6 axb6 28. g3 Ke7 29. Ra7+ Ke6 30. Rxh7 b5 31. Rdd7 b4 32. Rhe7+
Kf5 33. Rb7 Rcc8 34. Rec7 Ke4 35. Rxb4+ Kf3 36. Rf7+ 1-0

[Event "Bundesliga 0102"]
[Site "Deutschland"]
[Date "2002.04.13"]
[Round "12.7"]
[White "Lindner, Daniel"]
[Black "Seger, Ruediger"]
[Result "1/2-1/2"]
[WhiteElo "2215"]
[BlackElo "2400"]
[PlyCount "49"]
[EventDate "2001.10.06"]
[EventType "team"]
[EventRounds "15"]
[EventCountry "GER"]
[SourceTitle "Bundesliga 0102"]
[Source "DeepChess"]
[SourceDate "2005.01.01"]
[SourceVersion "1"]
[SourceVersionDate "2005.01.01"]
[SourceQuality "1"]
[WhiteTeam "SC Koenigsspringer 1984 Hamburg"]
[BlackTeam "Godesberger SK 1929"]
[WhiteTeamCountry "GER"]
[BlackTeamCountry "GER"]

1. d4 Nf6 2. c4 g6 3. Nc3 d5 4. cxd5 Nxd5 5. Bd2 Bg7 6. e4 Nb6 7. Be3 O-O 8.
Be2 Nc6 9. d5 Ne5 10. Bd4 c5 11. Bxc5 Nec4 12. Bxc4 Nxc4 13. Qb3 Ne5 14. O-O-O
b5 15. Bd4 Qc7 16. Kb1 b4 17. Nce2 Rb8 18. f4 Nc4 19. Bxg7 Kxg7 20. Nd4 Ba6 21.
Nge2 Na3+ 22. Ka1 Bxe2 23. Nxe2 Nc2+ 24. Kb1 Na3+ 25. Ka1 1/2-1/2

[Event "Bundesliga 0102"]
[Site "Deutschland"]
[Date "2002.04.13"]
[Round "12.8"]
[White "Schmidt, Bodo"]
[Black "Fjodorow, Peter"]
[Result "1-0"]
[WhiteElo "2360"]
[BlackElo "2073"]
[PlyCount "113"]
[EventDate "2001.10.06"]
[EventType "team"]
[EventRounds "15"]
[EventCountry "GER"]
[SourceTitle "Bundesliga 0102"]
[Source "DeepChess"]
[SourceDate "2005.01.01"]
[SourceVersion "1"]
[SourceVersionDate "2005.01.01"]
[SourceQuality "1"]
[WhiteTeam "Godesberger SK 1929"]
[BlackTeam "SC Koenigsspringer 1984 Hamburg"]
[WhiteTeamCountry "GER"]
[BlackTeamCountry "GER"]

1. d4 Nf6 2. Bg5 d5 3. Nd2 g6 4. Bxf6 exf6 5. e3 c6 6. c4 dxc4 7. Bxc4 Bd6 8.
Ne2 Nd7 9. Nc3 f5 10. Qf3 O-O 11. O-O Nf6 12. Rfe1 Kg7 13. h3 Bd7 14. e4 fxe4
15. Ndxe4 Bf5 16. Nxf6 Qxf6 17. g4 Qg5 18. Qg2 Bd7 19. Ne4 Qf4 20. Re3 Rae8 21.
Rae1 f5 22. gxf5 Rxe4 23. Rxe4 Qxf5 24. Be6 Bxe6 25. Rxe6 Bb4 26. R1e4 Rf7 27.
Qg3 Bd6 28. Qg2 Bf8 29. R6e5 Qf6 30. Re6 Qf5 31. a3 a6 32. Re2 Qb1+ 33. Kh2 Qd3
34. Qe4 Qxe4 35. R6xe4 Rd7 36. Kg2 Bd6 37. h4 h5 38. f3 Kf7 39. Kf2 Be7 40. b4
Bf6 41. Ke3 Rd5 42. Kd3 Rf5 43. Ke3 a5 44. Rb2 Rb5 45. Kd3 a4 46. Rf4 g5 47.
hxg5 Rxg5 48. Rc2 Rg1 49. b5 cxb5 50. Rc5 Ra1 51. Rcf5 Rxa3+ 52. Ke4 Rb3 53.
Rxf6+ Kg7 54. Rf7+ Kg6 55. Rxb7 Kg5 56. Rf5+ Kh4 57. Rbxb5 1-0

[Event "Bundesliga 0102"]
[Site "Deutschland"]
[Date "2002.04.13"]
[Round "12.1"]
[White "Ftacnik, Lubomir"]
[Black "Aronian, Levon"]
[Result "1-0"]
[WhiteElo "2580"]
[BlackElo "2562"]
[PlyCount "71"]
[EventDate "2001.10.06"]
[EventType "team"]
[EventRounds "15"]
[EventCountry "GER"]
[SourceTitle "Bundesliga 0102"]
[Source "DeepChess"]
[SourceDate "2005.01.01"]
[SourceVersion "1"]
[SourceVersionDate "2005.01.01"]
[SourceQuality "1"]
[WhiteTeam "Hamburger SK 1830 e.V."]
[BlackTeam "SV Wattenscheid 1930"]
[WhiteTeamCountry "GER"]
[BlackTeamCountry "GER"]

1. Nf3 e6 2. c4 Nf6 3. Nc3 Bb4 4. Qb3 c5 5. a3 Bxc3 6. Qxc3 O-O 7. b4 b6 8. Bb2
d6 9. g3 Bb7 10. Bg2 Nc6 11. O-O e5 12. e3 e4 13. Ng5 Ne5 14. d3 b5 15. Nxe4
Bxe4 16. Bxe4 bxc4 17. bxc5 Re8 18. Rad1 dxc5 19. Bg2 Rb8 20. dxc4 Qc8 21. Qc2
Qa6 22. Bxe5 Rxe5 23. Rd3 h5 24. Rfd1 Rbe8 25. Qb3 Qc8 26. h3 Ne4 27. Rd7 a5
28. Qb7 Qxb7 29. Rxb7 g5 30. Rdd7 Rf5 31. Rd5 Rxd5 32. cxd5 Nd6 33. Rd7 Nc4 34.
Rc7 Nxa3 35. Rxc5 Ra8 36. d6 1-0